000
00285nam a22001217a 4500
008
160504b xxu||||| |||| 00| 0 eng d
020
_a
9780070670440
020
_a
0070670447
041
_a
eng
080
_a
61
245
_a
Human development:
_c
James W.Vander Zanden;
942
_2
udc
_c
BK
999
_c
1763
_d
1763